000 00262nam a2200121Ia 4500
008 221030s9999 xx 000 0 und d
041 _aEnglish
082 _a105.23
_bMCA
245 0 _aJava TM How To Program
_bCD
260 _c2008
650 _aBook
942 _cCD
999 _c3000
_d3000